Antología poética / (Record no. 5968)
[ view plain ]
| 000 -CABECERA | |
|---|---|
| campo de control de longitud fija | 00778cam a2200217 a 4500 |
| 001 - NÚMERO DE CONTROL | |
| campo de control | 000006172 |
| 005 - FECHA Y HORA DE LA ÚLTIMA TRANSACCIÓN | |
| campo de control | 20200929151946.0 |
| 008 - DATOS DE LONGITUD FIJA--INFORMACIÓN GENERAL | |
| campo de control de longitud fija | 770325s1969 xx 000 0 spa |
| 040 ## - FUENTE DE LA CATALOGACIÓN | |
| Centro catalogador/agencia de origen | DO-SdBNP |
| Lengua de catalogación | spa |
| Centro/agencia transcriptor | BNPHU |
| 082 ## - NÚMERO DE LA CLASIFICACIÓN DECIMAL DEWEY | |
| Número de clasificación | Co861.108 |
| Número de documento/Ítem | D671a |
| 100 1# - ENTRADA PRINCIPAL--NOMBRE DE PERSONA | |
| Nombre de persona | Domínguez Camargo, Hernando, |
| Fechas asociadas al nombre | 1606-1659. |
| 9 (RLIN) | 17306 |
| 245 10 - MENCIÓN DE TÍTULO | |
| Título | Antología poética / |
| Mención de responsabilidad, etc. | Hernando Domínguez Camargo ; prólogo, selección y notas, Eduardo Mendoza Varela. |
| 260 ## - PUBLICACIÓN, DISTRIBUCIÓN, ETC. | |
| Lugar de publicación, distribución, etc. | Medellín : |
| Nombre del editor, distribuidor, etc. | Bedout, |
| Fecha de publicación, distribución, etc. | 1969. |
| 300 ## - DESCRIPCIÓN FÍSICA | |
| Extensión | 223 p. ; |
| Dimensiones | 19 cm. |
| 490 1# - MENCIÓN DE SERIE | |
| Mención de serie | Bolsilibros Bedout, |
| Designación de volumen o secuencia | v. 56 |
| 504 ## - NOTA DE BIBLIOGRAFÍA, ETC. | |
| Nota de bibliografía, etc. | Bibliografía: p. 221-223. |
| 650 #4 - PUNTO DE ACCESO ADICIONAL DE MATERIA--TÉRMINO DE MATERIA | |
| Término de materia o nombre geográfico como elemento de entrada | Poesía colombiana |
| Subdivisión general | Colecciones |
| 9 (RLIN) | 8105 |
| 650 #4 - PUNTO DE ACCESO ADICIONAL DE MATERIA--TÉRMINO DE MATERIA | |
| Término de materia o nombre geográfico como elemento de entrada | Literatura colombiana |
| 9 (RLIN) | 1244 |
| 700 1# - PUNTO DE ACCESO ADICIONAL--NOMBRE DE PERSONA | |
| Nombre de persona | Mendoza Varela, Eduardo, |
| Término indicativo de función/relación | ed. |
| 9 (RLIN) | 17307 |
| 830 #0 - PUNTO DE ACCESO ADICIONAL DE SERIE-TÍTULO UNIFORME | |
| Título uniforme | Bolsilibros Bedout, |
| Designación de volumen o secuencia | v. 56 |
| 9 (RLIN) | 3750 |
| Estado de retiro | Estado de pérdida | Restricciones de uso | No para préstamo | Código de colección | Localización permanente | Ubicación/localización actual | Ubicación en estantería | Fecha de adquisición | Número de inventario | Total de préstamos | Signatura topográfica completa | Código de barras | Fecha visto por última vez | Precio válido a partir de | Tipo de ítem Koha |
|---|---|---|---|---|---|---|---|---|---|---|---|---|---|---|---|
| Préstamo interno | Monografías: Libros y Folletos | General | General | En catalogación | 26.08.2009 | LF1 | Co861.108 D671a | 6172-10 | 25.06.2020 | 25.06.2020 | Préstamo interno |
